Schriftspracherwerb und die Entstehung von Sprachbewusstheit
Αποθηκεύτηκε σε:
| Κύριος συγγραφέας: | |
|---|---|
| Μορφή: | Βιβλίο |
| Γλώσσα: | German |
| Δημοσίευση: |
Opladen :
Westdeutscher Verlag,
1985
|
| Θέματα: | |
| Ετικέτες: |
Προσθήκη ετικέτας
Δεν υπάρχουν, Καταχωρήστε ετικέτα πρώτοι!
|
MARC
| LEADER | 00000nam a2200000 i 4500 | ||
|---|---|---|---|
| 001 | 1/86732 | ||
| 008 | 931206s1985 ger d | ||
| 020 | |a 3-531-11742-4 | ||
| 035 | |a 1990 |b 1 |c Αγορά/Σκούρτου |l 10035052 | ||
| 040 | |a GR-MY-UA |b gre |e aacr | ||
| 041 | 0 | |a ger | |
| 082 | 0 | |a 431.52 | |
| 100 | 1 | |a Andresen, Helga. | |
| 245 | 1 | 0 | |a Schriftspracherwerb und die Entstehung von Sprachbewusstheit / |c Helg Andresen |
| 260 | |a Opladen : |b Westdeutscher Verlag, |c 1985 | ||
| 300 | |a 248 p. | ||
| 504 | |a Bibliography: p. 232-248 | ||
| 650 | 0 | 0 | |a German language |x Orthography and spelling. |
| 650 | 0 | 0 | |a German language |x Writing. |
| 650 | 0 | 0 | |a German language |x Acquisition. |
| 650 | 0 | 0 | |a Language acquisition. |
| 852 | |a INST |b RHODES |e 19931206 |h 431.52 AND |p 005400003872 |q 005400003872 |t BK |y 0 | ||
| 909 | |a Ρ |b 017053 |c 1990 | ||